Extensión de la protección social en salud: algunos elementos para el debate
Сохранить в:
| Главные авторы: | , |
|---|---|
| Формат: | |
| Язык: | испанский |
| Опубликовано: |
Santiago
CIEPLAN
2004
|
| Серии: | Estudios Socio-Económicos, 24
|
| Предметы: | |
| Метки: |
Добавить метку
Нет меток, Требуется 1-ая метка записи!
|
MARC
| LEADER | 00000nam a2200000 a 4500 | ||
|---|---|---|---|
| 001 | UCK4653 | ||
| 003 | CL-VaPUC | ||
| 008 | 050617e20041100CL |||||||||||||||||spa|d | ||
| 082 | 0 | 4 | |a 362.1 |b CEL |2 21 |
| 100 | 0 | |a Celedón, Carmen |e author |9 493239 | |
| 700 | 0 | |a Miranda, Alejandra |e author |9 493240 | |
| 245 | 1 | 0 | |a Extensión de la protección social en salud: algunos elementos para el debate |
| 300 | |a 42 p | ||
| 942 | |c BK | ||
| 945 | |d 20050617 00:00:00 |a cmena | ||
| 260 | |a Santiago |b CIEPLAN |c 2004 | ||
| 650 | 0 | |a Salud pública |9 258913 | |
| 650 | 0 | |a Protección social |9 256186 | |
| 650 | 0 | |a Bienestar social |9 255298 | |
| 650 | 0 | |a Política gubernamental |9 262286 | |
| 651 | 7 | |a CHILE |2 CL-VaPUC |9 493241 | |
| 583 | |a last modification |c 20050617 00:00:00 |k Rodrigo Vera | ||
| 490 | 0 | |a Estudios Socio-Económicos, 24 | |
| 999 | |c 313472 |d 313470 | ||
| 952 | |0 0 |1 0 |4 0 |6 362_100000000000000_CEL_2004 |7 0 |8 A |9 384846 |a BIBGIM |b BIBGIM |d 2019-11-22 |i 4139453 |o 362.1 CEL 2004 |p 4139453 |r 2025-01-15 |w 2019-11-22 |y BK |k GIM | ||